झाँसी की रानीः महारानी लक्ष्मीबाई / (Record no. 34489)

MARC details
000 -LEADER
fixed length control field 01307nam a22002537a 4500
005 - DATE AND TIME OF LATEST TRANSACTION
control field 2010021103303.0
008 - FIXED-LENGTH DATA ELEMENTS--GENERAL INFORMATION
fixed length control field 100211t xxu||||| |||| 00| 0 hin d
010 ## - LCCN (DPL NO)
LC control number HIN-89058
020 ## - INTERNATIONAL STANDARD BOOK NUMBER
Terms of availability 125.00
International Standard Book Number 8187465824
035 ## - SYSTEM CONTROL NUMBER
System control number HN-61404
037 ## - SOURCE OF ACQUISITION
Source of stock number/acquisition PUB
040 ## - CATALOGING SOURCE
Original cataloging agency DPL
Language of cataloging HN
082 ## - DEWEY DECIMAL CLASSIFICATION NUMBER
Classification number 921
100 ## - MAIN ENTRY--PERSONAL NAME
Personal name शर्मा, जयगोविन्द 'बैंदिल'
9 (RLIN) 14606
245 ## - TITLE STATEMENT
Title झाँसी की रानीः महारानी लक्ष्मीबाई /
Statement of responsibility, etc जयगोविन्द शर्मा 'बैंदिल'
246 ## - VARYING FORM OF TITLE
Title proper/short title Jhansi ki rani: Maharani Laxmibai
Remainder of title by Jai Govind Sharma ' Baindil'
260 ## - PUBLICATION, DISTRIBUTION, ETC. (IMPRINT)
Place of publication, distribution, etc जयपुर
Name of publisher, distributor, etc विवेक पब्लिशिंग हाउस
Date of publication, distribution, etc 2009
270 ## - ADDRESS
Address धामाणी मार्केट, चौड़ा रास्ता
City जयपुर
300 ## - PHYSICAL DESCRIPTION
Extent 104पृ
Dimensions 22सेमी (सजिल्द)
650 ## - SUBJECT ADDED ENTRY--TOPICAL TERM
Topical term or geographic name as entry element जीवनी
9 (RLIN) 14607
650 ## - SUBJECT ADDED ENTRY--TOPICAL TERM
Topical term or geographic name as entry element Boigraphy
9 (RLIN) 14608
942 ## - ADDED ENTRY ELEMENTS (KOHA)
Source of classification or shelving scheme Dewey Decimal Classification
Item type Hindi Books
Call number suffix शर्माज
Holdings
Withdrawn status Lost status Source of classification or shelving scheme Damaged status Not for loan Collection code Home library Current library Date acquired Source of acquisition Cost, normal purchase price Total Checkouts Full call number Barcode Date last seen Copy number Cost, replacement price Koha item type
    Dewey Decimal Classification   Not For Loan Non-fiction D.B.Act.Division D.B.Act.Division 08/03/2010 DBAD / PUB 125.00   शर्माज HN-61404 08/03/2010 1 125.00 Hindi Books

© Delhi Public Library
Hit Counter
free hit counter